| 000 | 00616nam a22001697a 4500 | ||
|---|---|---|---|
| 020 | _qHard Cover. | ||
| 082 | _a200 | ||
| 100 | _aQureshi, Nadeem Anwer | ||
| 245 |
_aEvaluation and permeability modeling of open – graded friction course pavement / _cNadeem Anwer Qureshi. |
||
| 260 |
_aIslamabad: _bNIT NUST, _c2014. |
||
| 300 |
_a148 p. : _bill. ; _c30cm. |
||
| 650 |
_aPh-D-Thesis-Civil Engineering _9124287 |
||
| 700 |
_aSupervisor:Dr. S. Muhammad Jamil _9123889 |
||
| 856 | _u http://10.250.8.41:8080/xmlui/handle/123456789/21550 | ||
| 942 |
_2ddc _cSC |
||
| 999 |
_c535543 _d535543 |
||